| 000 | 00376cam a2200145ua 4500 | ||
|---|---|---|---|
| 041 |
_amal _h |
||
| 082 |
_a894.8122 _bRAJ/VA |
||
| 100 | _aRajaraja varma, Vatakumkur . | ||
| 245 |
_aValmeeki / _cVatakumkur Rajaraja varma. _hTextual Documents |
||
| 260 |
_aThiruvananthapuram : _bCity Press , _c1961. |
||
| 300 | _a336 ; . | ||
| 504 | _a | ||
| 942 | _cBK | ||
| 999 |
_c4984 _d4984 |
||